Popular Girls Names by Last Letter Quiz Stats

Quiz not verified by Sporcle

Challenge
Share
Tweet
Embed
Score 0/130 Timer 10:00
0 Plays Today
Letter Answer % Correct
AEMMA
82.9%
HHANNAH
82.9%
AOLIVIA
81.4%
ASOPHIA
80%
AAVA
78.6%
AISABELLA
77.1%
LISABEL
77.1%
NMADISON
72.9%
XALEX
70%
YEMILY
70%
ECHLOE
65.7%
HELIZABETH
65.7%
YLILY
64.3%
NADDISON
61.4%
NEVELYN
60%
SALEXIS
60%
ECHARLOTTE
58.6%
EZOE
58.6%
BAB
57.1%
EGRACE
57.1%
NLILLIAN
57.1%
WWILLOW
55.7%
YZOEY
54.3%
LABIGAIL
52.9%
HSARAH
51.4%
KBROOK
51.4%
RHARPER
51.4%
YAUBREY
50%
HSAVANNAH
48.6%
MMIRIAM
48.6%
TVIOLET
47.1%
YAVERY
47.1%
NBROOKLYN
45.7%
TJULIET
44.3%
HLEAH
42.9%
RPIPER
42.9%
RTAYLOR
42.9%
TMARGARET
41.4%
TSCARLET
37.1%
USU
37.1%
TSCARLETT
35.7%
GMEG
32.9%
MMARYAM
32.9%
MMARIAM
31.4%
Letter Answer % Correct
SIRIS
31.4%
EELLIE
30%
VVIV
30%
CMAC
28.6%
ILEXI
28.6%
RSKYLAR
28.6%
VLIV
28.6%
INAOMI
25.7%
MSAM
25.7%
RELEANOR
25.7%
ULULU
25.7%
CLYRIC
22.9%
OMARGO
22.9%
LARIEL
21.4%
BZAINAB
20%
SGENESIS
20%
WHARLOW
20%
LHAZEL
18.6%
ZLIZ
18.6%
OMARLO
17.1%
XLUX
17.1%
ZINEZ
17.1%
BZAYNAB
15.7%
DINGRID
15.7%
JTAJ
15.7%
OCLEO
15.7%
DASTRID
14.3%
IMACI
14.3%
SPARIS
14.3%
DDIAMOND
12.9%
ICALI
12.9%
XPHOENIX
12.9%
ZJAZZ
12.9%
DIRELAND
11.4%
GBLESSING
11.4%
GAISLING
11.4%
KJACK
11.4%
XBEATRIX
11.4%
BZEINAB
10%
ILEILANI
10%
JAJ
10%
LKENDALL
10%
ZBEATRIZ
10%
CLILAC
8.6%
Letter Answer % Correct
FELIF
8.6%
FTIF
8.6%
JEJ
8.6%
VBEV
8.6%
JMAJ
7.1%
KMALAK
7.1%
KBROCK
7.1%
MTATUM
7.1%
PZEYNEP
7.1%
SPRINCESS
7.1%
WMEADOW
7.1%
GSTERLING
7.1%
CDOMINIC
5.7%
CISAAC
5.7%
DHOLLAND
5.7%
FSTEF
5.7%
BJACOB
4.3%
OECHO
4.3%
PKIP
4.3%
PTULIP
4.3%
UBEAU
4.3%
VLUV
4.3%
GASHLING
4.3%
WDREW
2.9%
XLENNOX
2.9%
FSIF
1.4%
KANOUK
1.4%
OINDIGO
1.4%
UEMMYLOU
1.4%
WNEW
1.4%
FMADELIEF
0%
PTRIPP
0%
PCAP
0%
QFALAQ
0%
QASHWAQ
0%
QTAARIQ
0%
QWIFAQ
0%
QASFAQ
0%
UTHANDOLWETHU
0%
VAREV
0%
ZDENIZ
0%
JLIDEWIJ
0%

You're not logged in!

Compare scores with friends on all Sporcle quizzes.
Join for Free
OR
Log In

You Might Also Like...

Show Comments

Extras

Top Quizzes Today


Score Distribution

Your Account Isn't Verified!

In order to create a playlist on Sporcle, you need to verify the email address you used during registration. Go to your Sporcle Settings to finish the process.

Report this User

Report this user for behavior that violates our Community Guidelines.

Details: